Quizzes
Events
Quiz Creation
Community
Videos
Private Events
Remove Ads
Sign In
Join for FREE
Feedback
Dark Mode
Quiz Categories
Sports
Geography
Music
Movies
Television
Just For Fun
Miscellaneous
History
Literature
Language
Science
Gaming
Entertainment
Religion
Holiday
For Kids
Quiz Lab
Recent
Popular Today
Quiz Kudos Today
Editor Picks
Curator Picks
Quizzes by...
Day
Popularity
Type
Ratings
Length
Year
Community
Subscriptions
Recent Discussions
Orange Saloon
Badges
Playlists
Quests
Create
Leaderboards
Showdown
Live 5
Trivia Bingo
Activity
Puzzle Library
Sporcle Events
Private Events
Virtual Trivia
Globe League
Become a Host
Pub Owners
SporcleCon
Opinionation
Our Games
Videos
Blog
Mobile Apps
Partnerships
Remove Ads and Go Orange
Feedback
Sports
Athletes
MLB
NBA
NHL
NFL
Soccer
Sports Teams
WWE
NCAA
Football
Premier League
Basketball
Baseball
Hockey
Golf
Tennis
Cricket
Rugby
Auto Racing
Olympics
World Cup
Sports
Athletes
MLB
NBA
NHL
NFL
Soccer
Sports Teams
WWE
NCAA
Football
Premier League
Basketball
Baseball
Hockey
Golf
Tennis
Cricket
Rugby
Auto Racing
Olympics
World Cup
Random Quiz
Search Sporcle
×
Quiz Lab
Quiz Lab
Sports
reign
Type in answers that appear in a list
Type in answers that appear in a list
Classic
Best Score? Go Orange.
Alex Ferguson Manchester United Signings Stats
Can you name the Players Sir Alex Ferguson has Signed in his 27 Year Reign at Manchester United?
By
aj95
15m
108 Questions
2,039 Plays
2,039 Plays
2,039 Plays
Comments
Comments
Give Quiz Kudos
Give Quiz Kudos
-
- Ratings
hide this ad
More Info
Replay
Link that replays current quiz
Next Quiz
Link to next quiz in quiz playlist
You Got
0%
They Got
Avg Score
59%
Avg Friend Score
Upgrade to see
Score Distribution
Jump to the score distribution portion of the page
Score
0/108
Timer
15:00
0
Plays Today
Season
Player Name
% Correct
2012-
13
Robin VanPersie
91.3%
1994-
95
Andy Cole
90.8%
2003-
04
Cristiano Ronaldo
90.4%
2002-
03
Rio Ferdinand
89.9%
1993-
94
Roy Keane
89.4%
2006-
07
Michael Carrick
89%
1986-
87
Viv Anderson
88.7%
2007-
08
Anderson
88.7%
2004-
05
Wayne Rooney
88.4%
2007-
08
Luis Nani
88.3%
1998-
99
Dwight Yorke
88.1%
2005-
06
Nemanja Vidic
87.2%
1992-
93
Eric Cantona
87.1%
2008-
09
Dimitar Berbatov
86.1%
2005-
06
Patrice Evra
85.9%
2011-
12
Phil Jones
85.5%
2009-
10
Luis Antonio Valencia
85%
2001-
02
Juan Sebastian Veron
84.8%
2012-
13
Shinji Kagawa
84.5%
2005-
06
Ji-Sung Park
84.3%
1996-
97
Teddy Sheringham
84.1%
2008-
09
Rafael Da Silva
83.2%
2001-
02
Ruud VanNistelrooy
83.1%
1991-
92
Peter Schmeichel
82.9%
2011-
12
Ashley Young
82.5%
2005-
06
Edwin VanDerSar
82.5%
1989-
90
Denis Irwin
82.3%
1996-
97
Ole Gunnar Solskjaer
82.1%
2008-
09
Fabio Da Silva
82%
2012-
13
Wilfried Zaha
82%
2007-
08
Carlos Tevez
81.9%
1998-
99
Jaap Stam
81.8%
1988-
89
Mark Hughes
81.5%
1986-
87
Steve Bruce
81.5%
2010-
11
Chris Smalling
80.7%
2007-
08
Owen Hargreaves
80.5%
Season
Player Name
% Correct
2003-
04
Alan Smith
80.3%
2010-
11
Javier Hernandez
77.8%
1989-
90
Gary Pallister
77.3%
2003-
04
Louis Saha
77.2%
1989-
90
Paul Ince
74.3%
1990-
91
Andrei Kanchelskis
74.2%
2009-
10
Michael Owen
72.1%
1997-
98
Henning Berg
71.6%
1999-
00
Fabien Barthez
71.4%
1996-
97
Ronny Johnsen
70.2%
2001-
02
Diego Forlan
69.6%
2003-
04
Tim Howard
69.6%
1991-
92
Paul Parker
67.3%
1993-
94
David May
67.3%
2003-
04
Kleberson
67.1%
1999-
00
Mikael Silvestre
66.7%
1988-
89
Mark Bosnich
66.1%
1987-
88
Lee Sharpe
65.4%
2003-
04
Eric Djemba-Djemba
65.1%
2001-
02
Laurent Blanc
64.7%
1986-
87
Brian McClair
64.3%
2011-
12
David De Gea
64.2%
1998-
99
Jesper Blomqvist
63.9%
2012-
13
Nick Powell
63.9%
2010-
11
Bebe
63.8%
1996-
97
Jordi Cruyff
63.5%
2003-
04
Gabriel Heinze
63.2%
2004-
05
Gerard Pique
61.1%
2012-
13
Alexander Buttner
60.8%
1996-
97
Karel Poborsky
60.5%
2001-
02
Roy Carroll
60.4%
2009-
10
Gabriel Obertan
60.1%
2003-
04
David Bellion
57.1%
1999-
00
Massimo Taibi
57%
1998-
99
John O'Shea
56.6%
1992-
93
Dion Dublin
55.4%
Season
Player Name
% Correct
1995-
96
Raymond VanDerGouw
53.7%
1999-
00
Quinton Fortune
51.5%
2005-
06
Ben Foster
51.3%
2010-
11
Anders Lindegaard
48.4%
2008-
09
Zoran Tosic
46.3%
2004-
05
Giuseppe Rossi
45%
2003-
04
Dong Fangzhuo
40.9%
2009-
10
Mame Biram Diouf
38.6%
1989-
90
Mike Phelan
38.5%
1987-
88
Jim Leighton
37.3%
1989-
90
Neil Webb
37.3%
2007-
08
Tomasz Kuszczak
34%
1997-
98
Erik Nevland
33.7%
2002-
03
Ricardo
33.6%
1997-
98
Jonathan Greening
32.4%
2008-
09
Ritchie DeLaet
29.1%
1989-
90
Les Sealey
28.3%
1992-
93
Les Sealey
28.3%
2012-
13
Angelo Henriquez
27.9%
1989-
90
Danny Wallace
27.8%
2007-
08
Manucho
26.1%
2007-
08
Rodrigo Possebon
25.7%
1995-
96
Tony Coton
22.2%
1998-
99
Bojan Djordjic
15%
1995-
96
Nick Culkin
11.7%
1992-
93
Pat McGibbon
8.8%
2010-
11
Marnick Vermijl
7.8%
2001-
02
Luke Steele
7.3%
2011-
12
Frederic Veseli
7.1%
1993-
94
Graeme Tomlinson
6.5%
1989-
90
Brian Carey
3.4%
1986-
87
Liam OBrian
2.1%
1989-
90
Neil Whitworth
2.1%
1998-
99
Russell Best
2.1%
1987-
88
Paul Dalton
1%
1989-
90
Andy Rammell
0.5%
Quiz Playlist
Details
Report
Send in Message
Add To Playlist
More Info:
Loan Players not Included
Classic:
Type in answers that appear in a list
Last Updated: Feb 16, 2017
Quiz Scoreboard
CHALLENGE
Sign Up to Join the Scoreboard
Show All
Scores
Hide
Comments
May contain spoilers
Recently Published
Presidents Visiting Landmarks
by Hejman
History
7m
An Introduction to Baseball
by treessimontrees
Sports
5m
Movies - When Are They Set?
by FPL_Elf
Movies
5m
More to Explore
Quiz From the Vault
Featured Blog Post
Where Did the Easter Bunny Come From?
hide this ad
You Might Also Like...
Tags
Alex
Ferguson
Manchester
Manchester United
Player
reign
season
Signed
Signing
sir
Sir Alex
United
Today's Top Quizzes in Sports
Browse Sports
hide this ad
Today's Top Quizzes in reign
Browse reign
Top Contributed Quizzes in Sports
1
Les meilleurs buteurs des matchs entre le PSG et l’OM
2
2022 World Cup Stars
3
FIFA Club World Cup Champions
4
Les entraîneurs de l'OM et du PSG au 21e siècle
5
Name the Premier League winners with different clubs
6
5-to-1: UK Sports Teams
7
La finale Lions - Afrique du Sud 2021
8
Criteria MLB: Left Handed Sluggers
9
AFC Teams Reveal (Wrong Answers Minefield)
10
England Test cricketers to play under Nasser Hussain
Explore More
Trending Topics
Kpop
NBA
Anime
Marvel
Disney
Harry Potter
Crossword
Song
The Office
Puzzle
Soccer
Country
Pokémon
WWE
NFL
hide this ad
More By:
aj95
Quiz
Plays
Rating
Category
Featured
Created
European Capital Match-Up
164,400
4.53
Geography
Mar 11, 2013
Top Premier League Scorers (2010s)
141,096
4.59
Sports
Aug 12, 2015
Premier League Nationalities 2013-14
10,946
4.32
Sports
Jul 12, 2013
Premier League Club Top Scorers 2014/15
7,349
3.72
Sports
May 20, 2015
Minute Maths
6,075
3.88
Just For Fun
Jan 17, 2013
Go to Creator's Profile
Score Distribution
Quiz Creator Spotlight
aj95
Follow
Send a Message
Quizzes Created
-
Created Quiz Play Count
-
More By This Creator
Popular Quizzes Today
1
Find the US States - No Outlines Minefield
2
Find the Countries of Europe - No Outlines Minefield
3
The Countries of the World
4
Find the US States
5
Popular People in 1961
6
US States
7
Risky Map Clicking: Biggest States A-Z
8
Movies - When Are They Set?
More Sports Quizzes
More People (Sports) 7-to-1
Editor's Pick
Trending Quizzes
Risky Map Clicking: Least Populous States A-Z
1-10 Letter G Words
1-10 Letter F Words
Risky Map Clicking: Next State Alphabetically
Risky Map Clicking: Biggest States A-Z
Recently Updated
Leaping Animals
pecheneg
Reality TV Shows (A-Z)
bhenderson79
Rickey Henderson's Hall of Fame Teammates
pecheneg
Champions League XIs: Arsenal
pecheneg
Quick Pick: Celebrities in WWE's Hall of Fame
aduchscher
A-Z Keypad Blitz II
pecheneg
Multiple Oscar Actors
pecheneg
Mystery Phrase Blitz: Oscar 'Best Actors'
pecheneg
F. Scott Fitzgerald Novels
LTH
Pick 3 Villains
ddd62291
Trending Topics
Disney
Kpop
NBA
Crossword
Anime
Marvel
Harry Potter
WWE
Pokémon
Puzzle
The Office
Soccer
NFL
Country
Song
Your Account Isn't Verified!
In order to create a playlist on Sporcle, you need to verify the email address you used during registration. Go to your
Sporcle Settings
to finish the process.
Report this User
Report this user for behavior that violates our
Community Guidelines
.
Details:
Send Report
Go to the Sporcle.com Mobile Site →
Comments